Japanese Baby Girl Names Quiz Stats

Quiz not verified by Sporcle

Also try: 'E' Blitz
Challenge
Share
Tweet
Embed
Score 0/100 Timer 10:00
0 Plays Today
% Correct
Yu
85.5%
Ai
68.8%
Sakura
67.4%
Sakura
67.4%
Rin
59.4%
Yui
57.4%
Yui
57.4%
Yui
57.4%
Hana
57.3%
Yuka
51.5%
An
51%
Aoi
49.9%
Aoi
49.9%
Aoi
49.9%
Hina
46.4%
Ayaka
45.4%
Ayaka
45.4%
Mei
45.2%
Mei
45.2%
Mei
45.2%
Saki
43.9%
Miyu
41.9%
Miyu
41.9%
Miyu
41.9%
Miyu
41.9%
Miyu
41.9%
Mio
41.4%
Mio
41.4%
Mio
41.4%
Yuna
39%
Anna
38.1%
Nanami
37.2%
Nanami
37.2%
Misaki
36.5%
% Correct
Misaki
36.5%
Rena
36%
Miku
35.4%
Miku
35.4%
Airi
35%
Airi
35%
Riko
34.8%
Riko
34.8%
Rio
34.4%
Rio
34.4%
Hinata
34.3%
Mao
34.3%
Mao
34.3%
Momoko
34.2%
Miu
33.4%
Miu
33.4%
Manami
32.6%
Manami
32.6%
Momoka
32.2%
Momoka
32.2%
Momoka
32.2%
Chihiro
32%
Minami
31.9%
Natsuki
31.8%
Akari
31.6%
Ayane
31.4%
Ayane
31.4%
Kokoro
31.3%
Ayano
31.3%
Kokoro
31.3%
Ayano
31.3%
Aika
31%
Asuka
29.3%
Yume
29.1%
% Correct
Kaede
28.5%
Kanon
28.4%
Kanon
28.4%
Yuina
26.7%
Yuina
26.7%
Aina
26.5%
Ria
25.1%
Kokoa
24.2%
Kaho
23.9%
Mitzuki
22.9%
Yuzuki
22.9%
Chinatsu
22.2%
Nene
21.9%
Honoka
21.7%
Wakana
21.5%
Yutzuki
21.4%
Yutzuki
21.4%
Yuika
21%
Koharu
20.8%
Koharu
20.8%
Kurumi
20.2%
Kotone
20.1%
Kokone
20.1%
Hatzuki
19.7%
Rion
19.6%
Kokona
19.5%
Hiyori
18.9%
Hiyori
18.9%
Ichika
17.4%
Kokomi
16.5%
Kohana
16%
Hinano
15.6%

You're not logged in!

Compare scores with friends on all Sporcle quizzes.
Sign Up with Email
OR
Log In

You Might Also Like...

Show Comments

Extras

Top Quizzes Today


Score Distribution

Your Account Isn't Verified!

In order to create a playlist on Sporcle, you need to verify the email address you used during registration. Go to your Sporcle Settings to finish the process.